000 00553nam a2200193 a 4500
005 20240925064726.0
008 991125s1981 mx 000 0 spa u
035 _aUPN01000005039
049 _aSEP
050 4 _aPQ7171
_bL5.2
100 1 _aLizalde, Eduardo
245 1 0 _aAutobiografía de un fracaso :
_bel poeticismo /
_cEduardo Lizalde.
260 _aMéxico :
_bINBA :
_bMartín Casillas,
_c1981.
300 _a118 p.
440 4 _aLos ensayos
650 4 _aPOESIA MEXICANA -
_xHISTORIA Y CRITICA
_91278
650 4 _aPoesía
_91400
905 _aLibro
999 _c5039
_d5039